00865nam a22002417a 450000500170000001000150001702000260003203500140005803700090007208200140008110000280009524500680012325000060019126000310019727000570022830000300028570000380031570000320035370000360038594200280042199900190044995201550046820241203113248.0 aENG-142817 a9789355327192c925.00 aEN-126349 bDBAD 21a658.83 aHair, Joseph F. 974549 aEssentials of Marketing Analytics/cBy Joseph F. Hair...[et.al] a1 aChennaibMcGraw Hillc2024 a5/90 A, Butt Road, St. Thomas MountbChennaie600016 axx,492p.c25cm(pb)bIndex aHarrison, Dana E. eAuthor974550 aAjjan, Haya eAuthor974551 aAdhikari, Atanu eAuthor974552 2ddccENh658.83mHAIe1 c207337d207337 001040708NFICaAVbAVd2024-12-03eDelivery of Books Act Divisiong925.00l0o658.83 HAIpEN-126349r2024-12-03 00:00:00t1v925.00w2024-12-03yEN